| 000 | 00000nam 2200000za 4500 |
| 001 | 9.630711 |
| 003 | CaOODSP |
| 005 | 20210624213953 |
| 007 | cr ||||||||||| |
| 008 | 150407s2001 onc|||||o f|0| 0 fre d |
| 020 | |a0-662-86024-1 |
| 040 | |aCaOODSP|bfre |
| 043 | |an-cn--- |
| 086 | 1 |aBT43-100/2001F-IN |
| 110 | 1 |aCanada.|bConseil du trésor.|bDirection des ressources humaines. |
| 245 | 10|aCadre de gestion des ressources humaines |h[ressource électronique] : |boutil de référence à l'intention des gestionnaires. |
| 250 | |aéd. 2001 |
| 260 | |aOttawa : |bSecrétariat du Conseil du Trésor du Canada, |c2001. |
| 300 | |a22 p. : |bill., tableaux. |
| 500 | |aLe nº de catalogue (BT43-100/2001) et l'ISBN de l'édition imprimée bilingue ont été incorrectement copiés dans cette édition électronique. |
| 590 | |a12-01-Supp|b2012-01-13 |
| 691 | 07|aGestion du personnel|2gcpds |
| 691 | 07|aRessources humaines|2gcpds |
| 775 | 08|tHuman resources management framework |w(CaOODSP)9.686208 |
| 776 | 0#|tHuman Resources Management Framework : |w(CaOODSP)9.663007 |
| 776 | 0#|tCadre de gestion des ressources humaines : |w(CaOODSP)9.663008 |
| 856 | 40|ahttp://publications.gc.ca|qPDF|s100 Ko|uhttps://publications.gc.ca/collections/Collection/BT43-100-2001F.pdf |